Eichmann en Jerusalén : un estudio sobre la banalidad del mal / (Registro nro. 14936)

000 -CABECERA
campo de control de longitud fija 00925nam a22002177a 4500
003 - IDENTIFICADOR DEL NÚMERO DE CONTROL
campo de control OSt
005 - FECHA Y HORA DE LA ÚLTIMA TRANSACCIÓN
campo de control 20230717180424.0
008 - DATOS DE LONGITUD FIJA--INFORMACIÓN GENERAL
campo de control de longitud fija 230714b ||||| |||| 00| 0 spa d
020 ## - NÚMERO INTERNACIONAL ESTÁNDAR DEL LIBRO
Número Internacional Estándar del Libro 9788426412713
040 ## - FUENTE DE LA CATALOGACIÓN
Centro/agencia transcriptor CO-MqBPB
082 ## - NÚMERO DE LA CLASIFICACIÓN DECIMAL DEWEY
Número de clasificación 834
Número de documento/Ítem A72e
100 ## - ENTRADA PRINCIPAL--NOMBRE DE PERSONA
Nombre de persona Arendt, Hannah /
Fechas asociadas al nombre 1906-1975.
245 ## - MENCIÓN DE TÍTULO
Título Eichmann en Jerusalén : un estudio sobre la banalidad del mal /
Mención de responsabilidad, etc. Hannah Arendt ; traducción Carlos Ribalta.
260 ## - PUBLICACIÓN, DISTRIBUCIÓN, ETC.
Lugar de publicación, distribución, etc. Barcelona :
Nombre del editor, distribuidor, etc. Editorial Lumen,
Fecha de publicación, distribución, etc. 1999
300 ## - DESCRIPCIÓN FÍSICA
Extensión 460 páginas:
Otras características físicas Tapa Rústica,
Dimensiones 23 cm.
500 ## - NOTA GENERAL
Nota general Uno de los mejores estudios sobre el holocausto, un ensayo de lectura inaplazable para entender lo que sin duda fue la gran tragedia del siglo XX.
650 ## - PUNTO DE ACCESO ADICIONAL DE MATERIA--TÉRMINO DE MATERIA
Término de materia o nombre geográfico como elemento de entrada Eichman, Adolf, 1906-1962
Subdivisión general Procesos Genocidio
650 ## - PUNTO DE ACCESO ADICIONAL DE MATERIA--TÉRMINO DE MATERIA
Término de materia o nombre geográfico como elemento de entrada Crímenes contra la humanidad
Subdivisión general Holocausto judío (1939-1945)
650 ## - PUNTO DE ACCESO ADICIONAL DE MATERIA--TÉRMINO DE MATERIA
Término de materia o nombre geográfico como elemento de entrada Juicio de Nuremberg, 1945-1946
Subdivisión general Crímenes de guerra -- Alemania
942 ## - ELEMENTOS DE PUNTO DE ACCESO ADICIONAL (KOHA)
Fuente del sistema de clasificación o colocación
Tipo de ítem Koha Libro
Existencias
Estado de retiro Estado de pérdida Fuente del sistema de clasificación o colocación Estado dañado No para préstamo Código de colección Localización permanente Ubicación/localización actual Ubicación en estantería Fecha de adquisición Fuente de adquisición Total de préstamos Renovaciones totales Signatura topográfica completa Código de barras Fecha visto por última vez Fecha del último préstamo Número de copia Precio válido a partir de Tipo de ítem Koha Nota pública
          Colección General Biblioteca Pública San Juan Bosco Biblioteca Pública San Juan Bosco Colección General 14/07/2023 Donación 2023 2 3 834 A72e MOS503208 20/03/2025 15/02/2025 Ej. 1 14/07/2023 Libro Ocho días

© Todos los derechos reservados para la Biblioteca Pública Municipal San Juan Bosco, 2020
Secretaria de Cultura de Mosquera
Carrera 3 N° 10 Esquina Centro Cultural Barrio El Carmén Teléfono: 8270830 Ext: 34
Funcionando con KOHA
Contacto: Biblioteca Pública Municipal San Juan Bosco/ bibliotecasanjuanbosco@mosquera-cundinamarca.gov.co
Mosquera, Cundinamarca